Online
Catalog

Antología / (Record no. 5577)

MARC details
000 -CABECERA
campo de control de longitud fija 00839nam a2200241 a 4500
001 - NÚMERO DE CONTROL
campo de control 000005781
005 - FECHA Y HORA DE LA ÚLTIMA TRANSACCIÓN
campo de control 20200929151801.0
008 - DATOS DE LONGITUD FIJA--INFORMACIÓN GENERAL
campo de control de longitud fija 850307s1982 sp f000 0 spa
040 ## - FUENTE DE LA CATALOGACIÓN
Centro catalogador/agencia de origen DO-SdBNP
Centro/agencia transcriptor DLC
Centro/agencia modificador DLC
082 ## - NÚMERO DE LA CLASIFICACIÓN DECIMAL DEWEY
Número de clasificación U861.3
Número de documento/Ítem S113a
100 1# - ENTRADA PRINCIPAL--NOMBRE DE PERSONA
Nombre de persona Sabat Ercasty, Carlos,
Fechas asociadas al nombre 1887-
9 (RLIN) 16356
240 10 - TÍTULO UNIFORME
Título uniforme Selections.
Fecha de publicación/de la obra 1983
245 10 - MENCIÓN DE TÍTULO
Título Antología /
Mención de responsabilidad, etc. Carlos Sabat Ercasty ; selección y prólogo de Dora Isella Russell.
260 ## - PUBLICACIÓN, DISTRIBUCIÓN, ETC.
Lugar de publicación, distribución, etc. Montevideo :
Nombre del editor, distribuidor, etc. Ministerio de Educación y Cultura,
Fecha de publicación, distribución, etc. 1982.
300 ## - DESCRIPCIÓN FÍSICA
Extensión 2 v. ;
Dimensiones 19 cm.
490 1# - MENCIÓN DE SERIE
Mención de serie Biblioteca Artigas.
490 1# - MENCIÓN DE SERIE
Mención de serie Clásicos uruguayos ;
Designación de volumen o secuencia 165-166
650 #4 - PUNTO DE ACCESO ADICIONAL DE MATERIA--TÉRMINO DE MATERIA
Término de materia o nombre geográfico como elemento de entrada Poesia uruguaya
9 (RLIN) 3846
650 #4 - PUNTO DE ACCESO ADICIONAL DE MATERIA--TÉRMINO DE MATERIA
Término de materia o nombre geográfico como elemento de entrada Literatura uruguaya
9 (RLIN) 3054
700 1# - PUNTO DE ACCESO ADICIONAL--NOMBRE DE PERSONA
Nombre de persona Isella Russell, Dora.
9 (RLIN) 16357
830 #0 - PUNTO DE ACCESO ADICIONAL DE SERIE-TÍTULO UNIFORME
Título uniforme Biblioteca Artigas.
Nombre de parte o sección de la obra Clasicos uruguayo ;
Designación de volumen o secuencia 165-166.
9 (RLIN) 16358
910 ## - DATOS DE OPCIÓN DEL USUARIO (OCLC)
Datos de opción del usuario Catalogación por copia / LC
Holdings
Estado de retiro Estado de pérdida Restricciones de uso No para préstamo Código de colección Localización permanente Ubicación/localización actual Ubicación en estantería Fecha de adquisición Número de inventario Total de préstamos Signatura topográfica completa Código de barras Fecha visto por última vez Precio válido a partir de Tipo de ítem Koha
    Préstamo interno   Monografías: Libros y Folletos General General En catalogación 22.08.2009 LF1   U861.3 S113a 5781-10 25.06.2020 25.06.2020 Préstamo interno

Powered by Koha